000 00403nam a2200169 i 4500
001 bg
100 1 _aBRANDT, Andrzej
245 0 _aSystemy wideoteksowe /
_cA. Brandt.
260 _aWarszawa,
_c1986.
490 1 _aProblemy Informatyki
830 _aProblemy Informatyki
040 _cBPK
041 _apol
080 _a681.322:621.39
942 _cKS
008 s pl f |000 0 pol
999 _c28410
_d28410
856 _uhttp://koha.tu.koszalin.pl/cgi-bin/koha/opac-detail.pl?biblionumber=28410
_yKatalog online BPK